Name a Valid Country by Position of Each Letter - Statistics

General Stats
  • This quiz has been taken 5,910 times
  • The average score is 93 of 112
Answer Stats
Hint Done # Example % Correct
A1 11 Austria
100%
A5 73 Canada
100%
I4 48 Spain
100%
A2 47 Canada
99%
A3 14 Brazil
99%
A4 32 Japan
99%
B1 17 Brazil
99%
C1 15 Canada
99%
E2 24 Germany
99%
M3 16 Jamaica
99%
N3 21 Finland
99%
N5 26 Sweden
99%
E4 18 Turkey
98%
I3 18 China
98%
N4 18 Germany
98%
O2 30 Romania
98%
R2 15 Brazil
98%
R3 22 Turkey
98%
U2 19 Australia
98%
D1 5 Denmark
97%
E1 9 Egypt
97%
E5 12 France
97%
F1 4 France
97%
G1 11 Germany
97%
I1 9 Italy
97%
I2 14 Finland
97%
M1 17 Mexico
97%
N1 11 Norway
97%
P1 9 Poland
97%
R5 7 Niger
97%
S1 26 Sweden
97%
S5 18 Netherlands
97%
U1 7 United States
97%
C4 9 France
96%
E3 10 Ireland
96%
J1 3 Japan
96%
K1 6 Kazakhstan
96%
L1 9 Lithuania
96%
N2 8 India
96%
O4 11 Ecuador
96%
R1 4 Russia
96%
R4 8 Singapore
96%
T1 11 Thailand
96%
D5 8 Poland
95%
H1 3 Hungary
95%
V1 4 Vatican City
95%
Y5 8 Turkey
95%
Z1 2 Zambia
95%
D4 10 Canada
94%
H2 7 China
94%
I5 9 Mali
94%
L3 15 Colombia
94%
M2 1 Oman
94%
O1 1 Oman
94%
Q1 1 Qatar
94%
T3 8 Latvia
94%
U3 12 Uruguay
94%
Y1 1 Yemen
94%
G3 7 Argentina
93%
O5 12 Mexico
93%
T4 6 Malta
93%
B3 7 Albania
92%
L4 6 Italy
92%
S3 9 Russia
92%
P3 6 Japan
91%
L5 5 Portugal
89%
U5 6 Peru
89%
L2 5 Algeria
88%
Z2 3 Uzbekistan
88%
M5 3 Vietnam
87%
O3 7 Croatia
86%
W2 3 Switzerland
84%
D3 6 India
83%
S2 3 Israel
83%
Y2 4 Cyprus
83%
U4 6 Belgium
81%
C2 2 Iceland
77%
T5 3 Kuwait
77%
W3 3 New Zealand
77%
X3 2 Mexico
77%
Z3 2 Mozambique
77%
G2 2 Egypt
76%
W4 2 Zimbabwe
76%
J3 2 Tajikistan
73%
G4 5 D. R. Congo
72%
K5 1 Denmark
72%
Y3 3 Egypt
72%
H3 3 Ethiopia
71%
T2 2 Italy
71%
Q5 1 Iraq
70%
F2 1 Afghanistan
69%
C5 3 Czech Republic
64%
P2 1 Spain
64%
S4 3 Bangladesh
63%
Y4 2 Kenya
63%
J2 1 Djibouti
61%
P4 2 Egypt
59%
Q2 1 EquatorialGuinea
58%
J4 1 Fiji
56%
V3 1 Tuvalu
56%
V4 2 Kosovo
52%
M4 2 Panama
51%
G5 1 Luxembourg
48%
K2 1 Ukraine
46%
Z4 1 Belize
46%
H5 1 Bangladesh
43%
K3 1 Pakistan
42%
B4 1 Cuba
39%
V2 1 Ivory Coast
36%
H4 1 Lesotho
32%
C3 1 Nicaragua
29%
K4 1 Sri Lanka
29%
No matching quizzes found
Score Distribution
Percent of People with Each Score
Percentile by Number Answered
Your Score History
You have not taken this quiz